000 01000cam a22002771i 4500
003 SA-RiAUC
005 20240927175753.0
008 240925s1995 le g 000 0 ara c
020 _a1855167069
040 _aSA-RiAUC
_bara
_cSA-RiAUC
_erda
041 1 _aara
_hund
082 0 4 _a189.19
_qSA-RiAUC
090 _a189.19
_bا ر ك
100 1 _aأركون، محمد،
_d1928-2010
_eمؤلف.
245 1 0 _aأين هو الفكر الإسلامي المعاصر ؟ /
_cمحمد أركون ؛ ترجمة وتعليق هاشم صالح.
250 _aالطبعة الثانية.
264 1 _aبيروت :
_bدار الساقي،
_c1995
300 _a198 صفحة ؛
_c24 سم
336 _aنص
_btxt
_2rdacontent
_3كتاب
337 _aبدون وسيط
_bn
_2rdamedia
338 _aمجلد
_bnc
_2rdacarrier
650 7 _aالفلسفة الإسلامية
_2aucsh
700 1 _aصالح، هاشم،
_d1950-
_eمترجم.
942 _2ddc
_cBOOK
_n0
949 _aSA-JeALM
_d240925
_umohamedma123
_n1
999 _c609
_d609